[Event "28th Czech Open A 2017"]
[Site "Pardubice CZE"]
[Date "2017.07.22"]
[Round "2.23"]
[White "Sychev, Klementy"]
[Black "Wenninger, Philipp"]
[Result "0-1"]
[WhiteTitle "IM"]
[WhiteElo "2494"]
[BlackElo "2347"]
[WhiteFideId "4114060"]
[BlackFideId "4648404"]
[EventDate "2017.07.21"]

1. Nf3 d5 2. d4 Nf6 3. c4 c6 4. g3 Bg4 5. Ne5 Be6 6. cxd5 Qxd5 7. f3 Nbd7 8. Nc3
Qa5 9. Nxd7 Bxd7 10. e4 e6 11. Qb3 b5 12. Be3 Be7 13. Kf2 O-O 14. Be2 Rac8 15.
Rhc1 Rfd8 16. Nb1 Be8 17. Nd2 c5 18. Nf1 cxd4 19. Bd2 Qb6 20. Bd3 e5 21. a3 Bd7
22. Rxc8 Rxc8 23. Rc1 Rxc1 24. Bxc1 Qc6 25. Bd2 Bd6 26. Ke2 a6 27. Ba5 Be6 28.
Qd1 Nd7 29. Nd2 Nc5 30. Qc2 Qd7 31. Bb4 Nxd3 32. Kxd3 f6 33. h4 Kf7 34. Bxd6
Qxd6 35. g4 a5 36. Ke2 Ke7 37. Ke1 a4 38. Ke2 Kd7 39. Ke1 g6 40. Ke2 Qb6 41. g5
fxg5 42. hxg5 Qc6 43. Qd1 Bc4+ 44. Kf2 Be6 45. Kg3 Qc5 46. Qh1 Qe7 47. Qh4 Qf7
48. Kf2 Kd6 49. Kg3 Qc7 50. Qh6 Qc1 51. Qh2 Kc6 52. Qf2 Qxb2 53. f4 Qxa3+ 54.
Nf3 exf4+ 55. Kxf4 Qe3+ 56. Qxe3 dxe3 57. Nd4+ Kb6 58. Kxe3 a3 0-1

[Event "28th Czech Open A 2017"]
[Site "Pardubice CZE"]
[Date "2017.07.22"]
[Round "2.24"]
[White "Krylov, Mikhail RUS"]
[Black "Rafiee, Makan"]
[Result "1-0"]
[WhiteTitle "GM"]
[BlackTitle "FM"]
[WhiteElo "2485"]
[BlackElo "2345"]
[WhiteFideId "4151364"]
[BlackFideId "24609340"]
[EventDate "2017.07.21"]

1. d4 Nf6 2. c4 e6 3. Nc3 c5 4. d5 exd5 5. cxd5 d6 6. Nf3 g6 7. Nd2 Bg7 8. e4
O-O 9. Be2 b6 10. O-O Ba6 11. Bxa6 Nxa6 12. Nc4 Nc7 13. a4 Rb8 14. Bf4 Nfe8 15.
e5 g5 16. Bg3 f5 17. exd6 Na6 18. d7 Nec7 19. f4 Qxd7 20. fxg5 Rbd8 21. d6 Bd4+
22. Kh1 Ne6 23. Nd5 Nxg5 24. Ne7+ Kg7 25. Qh5 1-0

[Event "28th Czech Open A 2017"]
[Site "Pardubice CZE"]
[Date "2017.07.22"]
[Round "2.25"]
[White "Mueller, Ralf1"]
[Black "Kantor, Gergely"]
[Result "1/2-1/2"]
[WhiteTitle "FM"]
[BlackTitle "IM"]
[WhiteElo "2330"]
[BlackElo "2481"]
[WhiteFideId "4606612"]
[BlackFideId "751499"]
[EventDate "2017.07.21"]

1. d4 Nf6 2. Nf3 d5 3. c4 e6 4. g3 Bb4+ 5. Bd2 Be7 6. Bg2 O-O 7. O-O c6 8. Qc2
b6 9. Rd1 Ba6 10. Ne5 Nfd7 11. Nxd7 Qxd7 12. cxd5 cxd5 13. Nc3 Nc6 14. Be1 Rac8
15. e3 h5 16. h4 b5 17. Qe2 Nb8 18. Qxh5 b4 19. Ne2 Rc2 1/2-1/2

[Event "28th Czech Open A 2017"]
[Site "Pardubice CZE"]
[Date "2017.07.22"]
[Round "2.27"]
[White "Krapivin, Vladislav"]
[Black "Kislinsky, Alexey"]
[Result "0-1"]
[WhiteTitle "IM"]
[BlackTitle "GM"]
[WhiteElo "2327"]
[BlackElo "2479"]
[WhiteFideId "4126149"]
[BlackFideId "14108801"]
[EventDate "2017.07.21"]

1. e4 c5 2. Nc3 Nc6 3. g3 g6 4. Bg2 Bg7 5. d3 Rb8 6. Be3 b5 7. Qd2 b4 8. Nd1 d6
9. Ne2 Nd4 10. O-O e5 11. Nc1 h5 12. c3 bxc3 13. bxc3 h4 14. f4 hxg3 15. hxg3
exf4 16. Bxf4 Ne6 17. Be3 Nf6 18. Nf2 Nh5 19. Ne2 Be5 20. Nh1 Ba6 21. Rf2 Qa5
22. Rd1 Qa3 23. Qe1 Qa4 24. Nf4 Nhxf4 25. gxf4 Bxc3 26. Qxc3 Qxd1+ 27. Rf1 Qh5
28. f5 Qh2+ 29. Kf2 gxf5 30. exf5 Rg8 31. Rg1 Bb7 0-1

[Event "28th Czech Open A 2017"]
[Site "Pardubice CZE"]
[Date "2017.07.22"]
[Round "2.28"]
[White "Puranik, Abhimanyu"]
[Black "Vusatiuk, Vladimir"]
[Result "1-0"]
[WhiteTitle "IM"]
[BlackTitle "IM"]
[WhiteElo "2479"]
[BlackElo "2338"]
[WhiteFideId "5061245"]
[BlackFideId "14118610"]
[EventDate "2017.07.21"]

1. e4 e6 2. d4 d5 3. Nd2 c5 4. Ngf3 Nf6 5. exd5 exd5 6. Bb5+ Bd7 7. Qe2+ Be7 8.
dxc5 O-O 9. O-O Re8 10. Nb3 Bxc5 11. Qd3 Bxb5 12. Qxb5 Bb6 13. Bg5 Nbd7 14. c3
Rc8 15. Rad1 h6 16. Bh4 Rc4 17. Nbd4 a6 18. Qb3 Nc5 19. Qc2 Nce4 20. Rfe1 Qc8
21. Qb3 Bd8 22. Re2 b5 23. Rde1 Nh5 24. Bg3 Bb6 25. a3 g5 26. Qd1 g4 27. Nh4
Nhxg3 28. hxg3 Bxd4 29. cxd4 Rd8 30. Kh2 Qd7 31. Qd3 f5 32. f3 gxf3 33. gxf3 Ng5
34. Nxf5 Rf8 35. g4 Rxf5 36. Re8+ Kf7 37. R8e7+ Qxe7 38. Rxe7+ Kxe7 39. Qxf5
Rxd4 40. Kg3 Rd1 41. Qc2 Rg1+ 42. Kf2 Rh1 43. Qc5+ Ke6 44. Qc8+ Ke5 45. f4+ 1-0

[Event "28th Czech Open A 2017"]
[Site "Pardubice CZE"]
[Date "2017.07.22"]
[Round "2.29"]
[White "Nguyen, Thai Dai Van"]
[Black "Hrabusa, Matej"]
[Result "1-0"]
[WhiteTitle "IM"]
[WhiteElo "2473"]
[BlackElo "2335"]
[WhiteFideId "358878"]
[BlackFideId "14908042"]
[EventDate "2017.07.21"]

1. e4 d5 2. exd5 Qxd5 3. Nc3 Qd6 4. d4 Nf6 5. Nf3 c6 6. g3 Bg4 7. Bg2 e6 8. O-O
Be7 9. h3 Bh5 10. Bf4 Qd8 11. g4 Bg6 12. Ne5 Nbd7 13. Qe2 Nxe5 14. dxe5 Nd5 15.
Nxd5 exd5 16. Rad1 Qc8 17. Be3 h5 18. f4 hxg4 19. hxg4 Qe6 20. c4 Be4 21. cxd5
Bxd5 22. Bxd5 cxd5 23. Qg2 Rh4 24. f5 Qxe5 25. Bf2 Rh6 26. Rfe1 Qf4 27. Be3 Qd6
28. Bxh6 gxh6 29. Rxd5 Qb6+ 30. Kh1 Kf8 31. Rd7 Re8 32. Rxb7 Qf6 33. Qe4 Qh4+
34. Kg2 Qg5 35. Rxa7 Kg8 36. Rxe7 Rxe7 37. Qxe7 Qxg4+ 38. Kf2 Qf4+ 39. Ke2 Qc4+
40. Ke3 Qxa2 41. Qd8+ Kh7 42. Qd4 Qb3+ 43. Kd2 1-0

[Event "28th Czech Open A 2017"]
[Site "Pardubice CZE"]
[Date "2017.07.22"]
[Round "2.30"]
[White "Havelka, Josef"]
[Black "Gurevich, Daniel"]
[Result "0-1"]
[WhiteTitle "FM"]
[BlackTitle "IM"]
[WhiteElo "2326"]
[BlackElo "2472"]
[WhiteFideId "361097"]
[BlackFideId "2044676"]
[EventDate "2017.07.21"]

1. e4 c6 2. d4 d5 3. Nd2 dxe4 4. Nxe4 Bf5 5. Ng3 Bg6 6. Nh3 Nf6 7. Nf4 e5 8.
dxe5 Qa5+ 9. c3 Qxe5+ 10. Qe2 Nbd7 11. Qxe5+ Nxe5 12. Be3 Neg4 13. Bd4 Bd6 14.
Nxg6 hxg6 15. Bxf6 gxf6 16. Be2 f5 17. Bxg4 fxg4 18. O-O-O O-O-O 19. Kc2 f5 20.
Rd3 Bc5 21. Rxd8+ Kxd8 22. f3 gxf3 23. gxf3 Rh3 24. f4 Be3 25. Rf1 Rxh2+ 26. Kd3
Bb6 27. Ne2 a5 28. Rf3 Ke7 29. a4 Rh1 30. b3 Kf6 31. Rg3 Rd1+ 32. Kc4 Rd2 33.
Nc1 Bc7 34. Nd3 Bd6 35. b4 axb4 36. cxb4 Re2 37. Nc5 Rf2 38. Nd3 Rf1 39. b5 Bxf4 0-1

[Event "28th Czech Open A 2017"]
[Site "Pardubice CZE"]
[Date "2017.07.22"]
[Round "2.31"]
[White "Tokranovs, Dmitrijs"]
[Black "Westerberg, Jonathan"]
[Result "0-1"]
[WhiteTitle "FM"]
[BlackTitle "IM"]
[WhiteElo "2325"]
[BlackElo "2469"]
[WhiteFideId "11603011"]
[BlackFideId "1701754"]
[EventDate "2017.07.21"]

1. d4 d5 2. c4 e6 3. Nf3 Nf6 4. e3 a6 5. Nc3 dxc4 6. Bxc4 b5 7. Bd3 Bb7 8. O-O
c5 9. dxc5 Bxc5 10. a3 Nbd7 11. b4 Be7 12. e4 Rc8 13. Bb2 O-O 14. Qe2 Qc7 15.
Rac1 Qb8 16. Nb1 Ng4 17. Nbd2 Bd6 18. h3 Nge5 19. Bb1 Nb6 20. Nxe5 Bxe5 21. Bxe5
Qxe5 22. Nb3 Na4 23. f4 Qd6 24. Qe3 Ba8 25. Rfd1 Qe7 26. Qd4 Rcd8 27. Qe5 f6 28.
Qa1 Qa7+ 29. Kh1 Qe3 30. Nd4 Bxe4 31. Bxe4 Qxe4 32. Rc7 Nb6 33. Re7 Rd6 34. f5
Rfd8 35. Rxe6 Qd5 36. Rde1 Nc4 37. R6e4 Ne5 38. Ne6 Qxe4 39. Rxe4 Rd1+ 40. Re1
Rxa1 41. Rxa1 Rd7 42. a4 Nd3 43. axb5 axb5 44. Ra8+ Kf7 45. Rb8 Nxb4 46. Rxb5
Nc6 47. Rc5 Ne7 48. Nf4 Rd4 49. Nh5 g6 50. fxg6+ hxg6 51. Ng3 f5 52. Kg1 Rd2 53.
h4 Nd5 54. h5 Ne3 55. hxg6+ Kxg6 56. Kh1 Rd1+ 57. Kh2 Ng4+ 58. Kh3 Nf2+ 59. Kh2
f4 60. Rc2 Rd3 61. Ne2 Ng4+ 62. Kh1 Rd1+ 63. Ng1 Ne3 64. Rf2 Kg5 65. Ra2 Kg4 66.
Ra8 Kg3 67. Ra2 Rf1 68. Rb2 Re1 69. Re2 Ng4 70. Re3+ Rxe3 0-1

[Event "28th Czech Open A 2017"]
[Site "Pardubice CZE"]
[Date "2017.07.22"]
[Round "2.32"]
[White "Pavlov, Sergey2"]
[Black "Flick, Antoine"]
[Result "1/2-1/2"]
[WhiteTitle "IM"]
[BlackTitle "FM"]
[WhiteElo "2467"]
[BlackElo "2331"]
[WhiteFideId "14114330"]
[BlackFideId "26025736"]
[EventDate "2017.07.21"]

1. c4 c5 2. Nf3 Nc6 3. d4 cxd4 4. Nxd4 Qb6 5. Nb3 e6 6. a3 Nf6 7. Nc3 d6 8. e4
Be7 9. Be2 O-O 10. O-O Qc7 11. Be3 b6 12. Rc1 Bb7 13. Nd5 Qd8 14. Nxe7+ Qxe7 15.
Nd2 d5 16. exd5 exd5 17. Re1 Rfe8 18. c5 d4 19. Bg5 Rad8 20. cxb6 axb6 21. Bf3
Qd7 22. Bxf6 gxf6 23. Be4 Ne5 24. Qh5 Ng6 25. Qf3 Qe6 26. h4 Bxe4 27. Rxe4 Ne5
28. Qf4 d3 29. Rce1 Kh8 30. Qe3 Rg8 31. Rf4 Qc6 32. Qe4 Qe6 33. Kf1 b5 34. Qf5
Rd6 35. Qxe6 Rxe6 36. Rd4 Rc8 37. Nf3 Nxf3 38. gxf3 Rc2 39. Rxe6 fxe6 40. Rxd3
Rxb2 41. Rd6 Rb3 42. Rxe6 Rxf3 43. Rb6 1/2-1/2

[Event "28th Czech Open A 2017"]
[Site "Pardubice CZE"]
[Date "2017.07.22"]
[Round "2.33"]
[White "Urazayev, Arystanbek"]
[Black "Prasanna, Raghuram Rao"]
[Result "0-1"]
[WhiteTitle "CM"]
[BlackTitle "IM"]
[WhiteElo "2322"]
[BlackElo "2466"]
[WhiteFideId "13709810"]
[BlackFideId "5022401"]
[EventDate "2017.07.21"]

1. e4 e5 2. Nf3 Nc6 3. Bc4 Nf6 4. d3 h6 5. O-O d6 6. c3 g6 7. a4 Bg7 8. a5 O-O
9. a6 d5 10. exd5 Nxd5 11. Re1 bxa6 12. Bxa6 Bxa6 13. Rxa6 Nb6 14. Qe2 Qd7 15.
b4 Rad8 16. Be3 Rfe8 17. Bc5 Qxd3 18. Qxd3 Rxd3 19. b5 Nd8 20. Rxa7 Ne6 21. Be3
Nc4 22. Nfd2 Nxe3 23. Rxe3 Rd5 24. c4 Rd4 25. g3 Red8 26. Re2 f5 27. Kg2 e4 28.
Ra6 Kf7 29. Rc6 Rd3 30. Nf1 Rb3 31. Nbd2 Rb2 32. h4 Be5 33. Ra6 Bc3 34. Nxe4
Rxe2 35. Nxc3 Rc2 36. Nd5 Rxc4 37. Nfe3 Rc5 38. h5 Rcxd5 39. hxg6+ Kf6 40. Nxd5+
Rxd5 41. g7 Rd8 42. b6 cxb6 43. Rxb6 Rg8 44. Kf3 Rxg7 45. Ra6 Rb7 46. Kg2 Rb2
47. Kf3 Rb3+ 48. Kg2 Rc3 49. Rb6 f4 50. Kh3 Rc2 51. gxf4 Rxf2 52. Kg3 Rf1 53.
Ra6 Rc1 54. Kg4 Rc4 55. Kg3 Kf5 56. Ra5+ Rc5 57. Ra6 Rc3+ 58. Kh4 Rc1 59. Kg3
Rc3+ 60. Kh4 Re3 61. Ra5+ Kxf4 62. Kh5 Rh3+ 63. Kg6 0-1

[Event "28th Czech Open A 2017"]
[Site "Pardubice CZE"]
[Date "2017.07.22"]
[Round "2.34"]
[White "Abergel, Thal"]
[Black "Bilchinski, Anton"]
[Result "1-0"]
[WhiteTitle "GM"]
[BlackTitle "FM"]
[WhiteElo "2464"]
[BlackElo "2327"]
[WhiteFideId "614890"]
[BlackFideId "24615765"]
[EventDate "2017.07.21"]

1. e4 Nf6 2. e5 Nd5 3. d4 d6 4. Bc4 Nb6 5. e6 Nxc4 6. exf7+ Kxf7 7. Qf3+ Ke8 8.
Qh5+ g6 9. Qb5+ Nc6 10. Qxc4 Bg7 11. c3 e5 12. d5 Ne7 13. Bg5 h6 14. Bxe7 Qxe7
15. Nd2 Rf8 16. Ne2 Kf7 17. O-O Kg8 18. Rae1 g5 19. Ng3 Rb8 20. Nde4 b5 21. Qd3
Bd7 22. b4 a6 23. a3 Rbd8 24. Rc1 c6 25. c4 bxc4 26. Qxc4 cxd5 27. Qxd5+ Be6 28.
Qa5 Bc8 29. Rc7 Qe6 30. Rfc1 Qg6 31. Qd5+ Be6 32. Qc6 d5 33. Nc5 Bf7 34. Qxg6
Bxg6 35. Ne6 1-0

[Event "28th Czech Open A 2017"]
[Site "Pardubice CZE"]
[Date "2017.07.22"]
[Round "2.35"]
[White "Strebkovs, Andrejs"]
[Black "Drozdowski, Kacper"]
[Result "0-1"]
[WhiteTitle "IM"]
[BlackTitle "IM"]
[WhiteElo "2321"]
[BlackElo "2461"]
[WhiteFideId "11601310"]
[BlackFideId "1136720"]
[EventDate "2017.07.21"]

1. d4 d5 2. c4 e6 3. Nc3 c6 4. cxd5 exd5 5. Qc2 Bd6 6. Nf3 Ne7 7. Bg5 f6 8. Bh4
Bf5 9. Qd2 Bg6 10. Bg3 Nf5 11. e3 O-O 12. Bd3 Nxg3 13. hxg3 Bxd3 14. Qxd3 g6 15.
O-O f5 16. Rab1 a5 17. a3 Nd7 18. Rfc1 Qe7 19. Na4 b5 20. Nc5 Bxc5 21. dxc5 a4
22. Qc3 Rfe8 23. Rc2 Nf6 24. Qd4 Ne4 25. Nd2 Qg5 26. Re1 Re6 27. Qd3 Qe7 28.
Nxe4 fxe4 29. Qd1 Qg5 30. Rd2 Re5 31. g4 Rf8 32. Rc2 Qh4 33. Qd4 Rg5 34. Rb1
Qxg4 35. g3 Rh5 36. Qd1 Qh3 0-1

[Event "28th Czech Open A 2017"]
[Site "Pardubice CZE"]
[Date "2017.07.22"]
[Round "2.36"]
[White "Yelisieiev, Yevhenii"]
[Black "Nasuta, Grzegorz"]
[Result "1-0"]
[WhiteTitle "FM"]
[BlackTitle "IM"]
[WhiteElo "2317"]
[BlackElo "2455"]
[WhiteFideId "14139642"]
[BlackFideId "1141686"]
[EventDate "2017.07.21"]

1. d4 d5 2. Nf3 Nf6 3. c4 c6 4. Nc3 dxc4 5. a4 Bf5 6. e3 e6 7. Bxc4 Bb4 8. O-O
O-O 9. Qe2 Nbd7 10. e4 Bg6 11. e5 Nd5 12. Bd2 Qa5 13. Rfc1 Rac8 14. Ne4 Bxe4 15.
Bxb4 Qxb4 16. Qxe4 Rfd8 17. Ng5 Nf8 18. Qf3 Rc7 19. b3 Qd2 20. Qg4 Nb6 21. Rd1
Qb4 22. Ne4 Nxc4 23. bxc4 Qxc4 24. Qg5 Rb8 25. h4 h6 26. Qg4 Kh8 27. Ra3 Nh7 28.
Rg3 f5 29. exf6 gxf6 30. Qf4 e5 31. dxe5 Re8 32. exf6 Rf7 33. Rg7 Rxg7 34. fxg7+
Kxg7 35. Rd7+ 1-0

[Event "28th Czech Open A 2017"]
[Site "Pardubice CZE"]
[Date "2017.07.22"]
[Round "2.38"]
[White "Zarubitski, Viachaslau"]
[Black "Nagy, Gabor1"]
[Result "1/2-1/2"]
[WhiteTitle "FM"]
[BlackTitle "IM"]
[WhiteElo "2314"]
[BlackElo "2452"]
[WhiteFideId "13509373"]
[BlackFideId "737119"]
[EventDate "2017.07.21"]

1. e4 c5 2. Nf3 d6 3. d4 cxd4 4. Nxd4 Nf6 5. Nc3 a6 6. Be3 Nc6 7. Be2 e6 8. Qd2
Be7 9. O-O-O Qc7 10. g4 b5 11. g5 Nd7 12. a3 Bb7 13. Ndxb5 axb5 14. Nxb5 Qa5 15.
Nxd6+ Bxd6 16. Qxa5 Nxa5 17. Rxd6 Bxe4 18. f3 Bd5 19. Bb5 O-O-O 20. Ra6 Nb7 21.
c4 Bxf3 22. Rf1 Bh5 23. b4 Nb8 24. Ra8 Nd6 25. Bf4 f6 26. gxf6 gxf6 27. Ba6+ Kc7
28. Ra7+ Kc6 29. Be3 Nxa6 30. b5+ Nxb5 31. Rxa6+ Kb7 32. cxb5 Rd3 33. Rxe6 Re8
34. Rb6+ Kc7 35. Rc6+ Kb7 36. Rb6+ Kc7 37. Rc6+ Kb7 38. Bc5 Re2 39. Rb6+ Kc7 40.
Rc6+ Kb7 41. Bb4 Rxh2 42. Rcxf6 Rd7 43. R1f2 Rxf2 44. Rxf2 Rd5 45. a4 Rd4 46.
Rb2 Be8 47. Kc2 Rc4+ 48. Kd3 Rg4 49. Kc3 Kb6 50. Rf2 Rg3+ 51. Kc4 Rg4+ 52. Kb3
Bxb5 53. axb5 Kxb5 54. Rf5+ Kc6 55. Rc5+ Kd7 56. Rh5 Ke6 57. Bc3 Rf4 58. Kc2 Rf5
59. Rxh7 Rf2+ 60. Kd3 Rf3+ 61. Kc4 Rf4+ 62. Bd4 Rf7 63. Rh6+ Kf5 64. Bc5 Rf6 65.
Rh1 Rf7 66. Kd5 Rd7+ 67. Bd6 Rf7 68. Rg1 Rf6 69. Rg7 Rg6 70. Rh7 Kg4 71. Be5 Kf5
72. Rf7+ Kg4 73. Ke4 Rg5 74. Rf2 Rg6 75. Rh2 Rg5 76. Bf4 Rg6 77. Ke5 Kf3 78.
Rh3+ Ke2 79. Ke4 Rg2 80. Rh1 Rf2 81. Be3 Rg2 82. Rh4 Kd1 83. Kf3 Rb2 84. Rc4 Rb1
85. Rc3 Ra1 86. Ke4 Ra2 87. Rc1+ Ke2 88. Rh1 Rc2 89. Bd4 Rd2 90. Bc3 Rc2 91. Rh3
Kd1 92. Kd3 Rd2+ 93. Kc4 Re2 94. Kb3 Re4 95. Rh2 Re3 96. Ra2 Rf3 97. Rg2 Re3 98.
Rf2 Rd3 99. Kc4 Re3 100. Ra2 Re2 101. Ra1+ Kc2 102. Bd4 Rd2 103. Be3 Re2 104.
Ra3 Kb2 105. Kb4 Kc2 106. Rc3+ Kb1 107. Bc5 Rb2+ 108. Ka4 Rc2 109. Rb3+ Rb2 110.
Rf3 1/2-1/2

[Event "28th Czech Open A 2017"]
[Site "Pardubice CZE"]
[Date "2017.07.22"]
[Round "2.39"]
[White "Noe, Christopher"]
[Black "Hollan, Petr"]
[Result "1-0"]
[WhiteTitle "IM"]
[BlackTitle "FM"]
[WhiteElo "2451"]
[BlackElo "2317"]
[WhiteFideId "24692018"]
[BlackFideId "360945"]
[EventDate "2017.07.21"]

1. d4 Nf6 2. c4 e6 3. Nc3 Bb4 4. Qc2 O-O 5. a3 Bxc3+ 6. Qxc3 d5 7. Bg5 b6 8. e3
dxc4 9. Bxc4 Bb7 10. f3 Nbd7 11. Ne2 Rc8 12. O-O c5 13. Rac1 Qe7 14. e4 cxd4 15.
Qxd4 h6 16. Bh4 e5 17. Qe3 Qc5 18. Bxf7+ Rxf7 19. Rxc5 Nxc5 20. Rd1 Nh5 21. Ng3
Nf4 22. Nf5 Kh7 23. Bg3 Nce6 24. Bxf4 Nxf4 25. Qb3 Rfc7 26. Nd6 Rd8 27. Nxb7
Rxd1+ 28. Qxd1 Rc1 29. Qxc1 Ne2+ 30. Kf2 Nxc1 31. Ke3 Kg6 32. Nd6 Nb3 33. Nc8
Na5 34. Kd3 Nc6 35. Kc4 Na5+ 36. Kd5 Nc6 37. Kxc6 1-0

[Event "28th Czech Open A 2017"]
[Site "Pardubice CZE"]
[Date "2017.07.22"]
[Round "2.40"]
[White "Badelka, Olga"]
[Black "Garakov, Mikhael"]
[Result "1/2-1/2"]
[BlackTitle "IM"]
[WhiteElo "2309"]
[BlackElo "2447"]
[WhiteFideId "13509926"]
[BlackFideId "4169034"]
[EventDate "2017.07.21"]

1. d4 Nf6 2. c4 g6 3. f3 c5 4. d5 e6 5. Nc3 exd5 6. cxd5 d6 7. e4 Bg7 8. Nge2 a6
9. a4 h5 10. Be3 Nbd7 11. Nc1 Ne5 12. Be2 Bd7 13. h3 b5 14. axb5 axb5 15. Rxa8
Qxa8 16. f4 Nc4 17. Bxc4 bxc4 18. e5 dxe5 19. fxe5 Nh7 20. e6 fxe6 21. dxe6 Bxe6
22. Qd6 Bxc3+ 23. bxc3 Qd5 24. Qb8+ Qd8 25. Qg3 Qf6 26. Bxc5 Qg5 27. Qb8+ Qd8
28. Qe5 Qh4+ 29. g3 Qf6 30. Qe3 Qf5 31. Rf1 Qd5 32. Ne2 g5 33. Bb4 Kd7 34. Qa7+
Kc8 35. Qg7 Rd8 36. Qxh7 Bxh3 37. Rf8 Qd1+ 38. Kf2 Rxf8+ 39. Bxf8 Qf1+ 40. Ke3
Qxf8 41. Qxh5 Qe7+ 42. Kd2 Bd7 43. Nd4 Qe4 44. Qe2 Qd5 45. Qf2 1/2-1/2

[Event "28th Czech Open A 2017"]
[Site "Pardubice CZE"]
[Date "2017.07.22"]
[Round "2.41"]
[White "Zhurov, Sergey"]
[Black "Sundararajan, Kidambi"]
[Result "1/2-1/2"]
[BlackTitle "GM"]
[WhiteElo "2297"]
[BlackElo "2444"]
[WhiteFideId "4105788"]
[BlackFideId "5005370"]
[EventDate "2017.07.21"]

1. e4 e6 2. d4 d5 3. e5 c5 4. c3 Nc6 5. Nf3 Nh6 6. dxc5 Bxc5 7. Bxh6 gxh6 8. Bd3
Qc7 9. Qe2 O-O 10. b4 Bb6 11. b5 Ne7 12. Qd2 f5 13. O-O Ng6 14. Re1 Qg7 15. Na3
Bd7 16. Nc2 Rac8 17. Ncd4 Bc7 18. Qe3 Ba5 19. Ne2 Bb6 20. Qd2 Nxe5 21. Nxe5 Qxe5
22. Qxh6 Qf6 23. Qxf6 Rxf6 24. a4 Ba5 25. Rac1 e5 26. Red1 Be6 27. Bb1 Rc5 28.
Ba2 Bf7 29. f4 e4 30. Kf2 Kg7 31. h3 a6 32. bxa6 Rxa6 33. Rb1 Rb6 34. Rxb6 Bxb6
35. Rb1 Rb5+ 36. Nd4 Rxb1 37. Bxb1 Kf6 38. Ke3 Ba5 39. Kd2 Be8 40. Bc2 Bc7 41.
Ke3 1/2-1/2

[Event "28th Czech Open A 2017"]
[Site "Pardubice CZE"]
[Date "2017.07.22"]
[Round "2.42"]
[White "Kutynec, Vladimir"]
[Black "Drnovsek, Gal"]
[Result "0-1"]
[WhiteTitle "IM"]
[BlackTitle "IM"]
[WhiteElo "2293"]
[BlackElo "2440"]
[WhiteFideId "4119843"]
[BlackFideId "14607077"]
[EventDate "2017.07.21"]

1. Nf3 d5 2. d4 Nf6 3. c4 e6 4. g3 Be7 5. Bg2 O-O 6. O-O dxc4 7. Na3 Bxa3 8.
bxa3 Bd7 9. Ne5 Bc6 10. Nxc6 Nxc6 11. e3 Nd5 12. Qc2 Nb6 13. Rd1 Qe7 14. Rb1
Rad8 15. Rb5 Rd7 16. a4 Nb4 17. Qc3 Nxa2 18. Qc2 Nb4 19. Qb1 N4d5 20. Qa1 c6 21.
Rc5 Nb4 22. Ra5 N6d5 23. Rc5 Nd3 24. Rxc4 Nxc1 25. Rdxc1 a5 26. Rc5 Qd8 27. Qb2
Nb4 28. Qe2 Rd6 29. Be4 b6 30. Re5 g6 31. Bc2 c5 32. dxc5 Rd2 33. Qb5 Nxc2 34.
cxb6 Rd1+ 35. Rxd1 Qxd1+ 36. Kg2 Ne1+ 37. Kh3 f5 38. Qc4 Qh5+ 39. Qh4 Qf3 0-1

[Event "28th Czech Open A 2017"]
[Site "Pardubice CZE"]
[Date "2017.07.22"]
[Round "2.43"]
[White "Biolek, Richard Jr."]
[Black "Sadhwani, Raunak"]
[Result "1/2-1/2"]
[WhiteTitle "IM"]
[BlackTitle "FM"]
[WhiteElo "2437"]
[BlackElo "2314"]
[WhiteFideId "319996"]
[BlackFideId "35093487"]
[EventDate "2017.07.21"]

1. d4 Nf6 2. c4 e6 3. Nc3 Bb4 4. Qc2 O-O 5. e4 d5 6. e5 Ne4 7. Bd3 c5 8. Ne2 Nc6
9. cxd5 exd5 10. O-O cxd4 11. Nxd5 Nxf2 12. Nf6+ gxf6 13. Bxh7+ Kh8 14. Rxf2
fxe5 15. Ng3 Be1 16. Rf3 Bg4 17. Bh6 Bxf3 1/2-1/2

[Event "28th Czech Open A 2017"]
[Site "Pardubice CZE"]
[Date "2017.07.22"]
[Round "2.44"]
[White "Hoeglauer, Patrick"]
[Black "Akesson, Ralf"]
[Result "0-1"]
[WhiteTitle "FM"]
[BlackTitle "GM"]
[WhiteElo "2291"]
[BlackElo "2435"]
[WhiteFideId "1270548"]
[BlackFideId "1700120"]
[EventDate "2017.07.21"]

1. e4 e6 2. d4 d5 3. Nc3 dxe4 4. Nxe4 Bd7 5. Nf3 Bc6 6. Bd3 Nd7 7. O-O Ngf6 8.
Neg5 Bd6 9. Re1 h6 10. Nh3 Bxf3 11. Qxf3 c6 12. Nf4 O-O 13. Nh5 Nxh5 14. Qxh5
Nf6 15. Qh4 Re8 16. Bd2 Bf8 17. Rad1 Nd5 18. Qe4 g6 19. c4 Nf6 20. Qh4 Nh5 21.
Qg4 Bg7 22. Bc3 Qg5 23. Qxg5 hxg5 24. Bc2 Rad8 25. Re3 Rd7 26. g3 Red8 27. Red3
Bf6 28. Ba4 Rd6 29. Bb3 c5 30. d5 Bxc3 31. Rxc3 Nf6 32. Re1 exd5 33. cxd5 b6 34.
Re5 b5 35. Bc2 c4 36. Rxg5 Rxd5 37. Rxd5 Rxd5 38. b3 Rd2 39. bxc4 b4 40. Rf3
Rxc2 41. Rxf6 Rxa2 42. Rc6 Kf8 43. Rc7 b3 44. Rb7 b2 45. Kg2 a5 46. c5 Ke8 47.
c6 Kd8 48. h4 f5 0-1

[Event "28th Czech Open A 2017"]
[Site "Pardubice CZE"]
[Date "2017.07.22"]
[Round "2.45"]
[White "Kazakovskiy, Valeriy"]
[Black "Belous, Mikhail"]
[Result "1/2-1/2"]
[WhiteTitle "IM"]
[BlackTitle "FM"]
[WhiteElo "2433"]
[BlackElo "2313"]
[WhiteFideId "13507443"]
[BlackFideId "14127555"]
[EventDate "2017.07.21"]

1. d4 Nf6 2. Nf3 g6 3. c4 Bg7 4. g3 O-O 5. Bg2 d6 6. O-O Nc6 7. Nc3 e5 8. dxe5
dxe5 9. Bg5 Be6 10. Nd2 h6 11. Bxf6 Bxf6 12. Nd5 Bg7 13. Ne4 Ne7 14. Nc5 Bc8 15.
Nc3 Qd4 16. Qxd4 exd4 17. Nd5 Nxd5 18. cxd5 Bg4 19. Rfe1 Rae8 20. Kf1 Re7 21. h3
Bf5 22. g4 b6 23. gxf5 bxc5 24. Rac1 gxf5 25. Rxc5 Rfe8 26. Rcc1 d3 27. exd3 1/2-1/2

[Event "28th Czech Open A 2017"]
[Site "Pardubice CZE"]
[Date "2017.07.22"]
[Round "2.46"]
[White "Goluch, Piotr"]
[Black "Kaczur, Florian"]
[Result "0-1"]
[WhiteTitle "FM"]
[WhiteElo "2288"]
[BlackElo "2433"]
[WhiteFideId "1137840"]
[BlackFideId "705098"]
[EventDate "2017.07.21"]

1. d4 Nf6 2. c4 e6 3. Nf3 d5 4. g3 Bb4+ 5. Bd2 Bd6 6. Bg2 c6 7. Qc2 Nbd7 8. O-O
O-O 9. Bf4 Bxf4 10. gxf4 Ne4 11. Ne5 Nd6 12. Nd2 Qh4 13. e3 f6 14. cxd5 fxe5 15.
dxc6 bxc6 16. dxe5 Nf5 17. Qxc6 Nb6 18. Nf3 Qe7 19. Rac1 Ba6 20. Rfd1 Rac8 21.
Qe4 Bb7 22. Qd3 Rxc1 23. Rxc1 Rd8 24. Qb5 h6 25. Qa5 Be4 26. Ne1 Bxg2 27. Nxg2
Qb7 28. Ne1 Qf7 29. Kh1 Qh5 30. Kg1 Qg4+ 31. Kf1 Qh3+ 32. Ke2 Qh5+ 33. Kf1 Qxh2
34. Qxa7 Rd2 0-1